000 00370nam a22001577a 4500
003 BD-DhUIB
005 20251026161311.0
008 251026b |||||||| |||| 00| 0 eng d
040 _aBD-DhUIB
_cBD-DhUIB
050 _a650.13
082 _222
100 _aWeeks, Holly.
_91057
245 _aFailune to communicate/
_cby Holly, Weeks.
526 _aBBA.
942 _2ddc
_cBK
999 _c621
_d621